00278nam a2200109Ia 4500008004100000041000800041100002100049245001800070260003500088300000900123700003600132250110s9999 xx 000 0 und d aeng aSomeshwar Nirali aDance Academy bFinal Year B. Arch, BNCAc1999 a193p aGuide Name:Sahastrabuddhe Swati